Statistics for Breaking Bad Characters

Click here to take the quiz!

General Stats

  • This quiz has been taken 1,380 times
  • The average score is 12 of 15

Answer Stats

HintAnswer% Correct
The AntagonistWalter White
100%
The DEA agent brother-in-lawHank Schrader
97%
The drug distributer who owns Los Pollos HermanosGustavo Fring
95%
The antagonist's assistantJesse Pinkman
93%
The above's aliasHeisenberg
88%
The kleptomaniac sister-in-lawMarie Schrader
87%
The sonWalter Jr
87%
The above's friend who gets caught dealing meth by the DEABadger
86%
The wifeSkyler White
84%
The above's hitmanMike Ermantrout
79%
The Skinny guySkinny Pete
79%
The daughterHolly White
74%
The above's younger brother that get poisonedBrock
59%
The guy who gets shot by the kidCombo
58%
The kid that shoots the aboveTomas
38%

Score Distribution

Percentile by Number Answered

Percent of People with Each Score

Your Score History

You have not taken this quiz